000 00719nam0a22002411 4500
001 rc\2570096
005 20230413171737.0
035 _a(NLR Aleph) 006734852
090 _a5582659
_c5582659
100 _a20110914d1928 |||y0rusy50 ca
101 0 _arus
102 _aRU
105 _ay z |||||
200 1 _aНародно-хозяйственный план на 1928/29 год
_eКонтрольные цифры
210 _a[Харьков]
_cПролетарий
_d1928
215 _a52 с.
_d17,5 см.
700 1 _aАрсон
_bС. И.
_gСоломон Иосифович
801 0 _aRU
_bNLR
_gpsbo
801 1 _aRU
_bELAR
_2rusmarc
852 _aNLR
_j39/2139
942 _cBOOK
980 _aNB